Spanish Goalkeepers - Statistics

General Stats
  • This quiz has been taken 184 times
    19 since last reset
  • The average score is 32 of 65
Answer Stats
Hint Hint % Correct
UEFA Euro 2000 13 Iker Casillas
100%
World Cup 2002 1 Iker Casillas
100%
UEFA Euro 2004 23 Iker Casillas
100%
World Cup 2006 1 Iker Casillas
100%
UEFA Euro 2008 1 Iker Casillas
100%
World Cup 2010 1 Iker Casillas
100%
UEFA Euro 2012 1 Iker Casillas
100%
World Cup 2014 1 Iker Casillas
100%
UEFA Euro 2016 1 Iker Casillas
100%
World Cup 2014 12 David de Gea
84%
UEFA Euro 2016 13 David de Gea
84%
World Cup 2018 1 David de Gea
84%
UEFA Euro 2020 1 David de Gea
84%
World Cup 2022 23 David Raya
84%
UEFA Euro 2024 1 David Raya
84%
World Cup 2026 1 David Raya
84%
World Cup 2010 12 Víctor Valdés
84%
UEFA Euro 2012 12 Víctor Valdés
84%
UEFA Euro 2020 12 Unai Simón
74%
World Cup 2022 1 Unai Simón
74%
UEFA Euro 2024 23 Unai Simón
74%
World Cup 2026 23 Unai Simón
74%
World Cup 2006 23 Pepe Reina
63%
UEFA Euro 2008 23 Pepe Reina
63%
World Cup 2010 23 Pepe Reina
63%
UEFA Euro 2012 23 Pepe Reina
63%
World Cup 2014 23 Pepe Reina
63%
World Cup 2018 23 Pepe Reina
63%
World Cup 2026 13 Joan García
58%
UEFA Euro 1984 20 Andoni Zubizarreta
53%
World Cup 1986 1 Andoni Zubizarreta
53%
UEFA Euro 1988 1 Andoni Zubizarreta
53%
World Cup 1990 1 Andoni Zubizarreta
53%
World Cup 1994 1 Andoni Zubizarreta
53%
UEFA Euro 1996 1 Andoni Zubizarreta
53%
World Cup 1998 1 Andoni Zubizarreta
53%
UEFA Euro 2020 23 Robert Sanchez
53%
World Cup 2022 12 Robert Sanchez
53%
World Cup 2018 12 Kepa Arrizabalaga
42%
World Cup 1994 13 Santiago Cañizares
42%
UEFA Euro 1996 13 Santiago Cañizares
42%
World Cup 1998 13 Santiago Cañizares
42%
UEFA Euro 2000 1 Santiago Cañizares
42%
UEFA Euro 2004 1 Santiago Cañizares
42%
World Cup 2006 19 Santiago Cañizares
42%
UEFA Euro 2024 13 Alex Remiro
21%
World Cup 1982 1 Luis Arconada
11%
UEFA Euro 1984 1 Luis Arconada
11%
UEFA Euro 2016 23 Sergio Rico
11%
UEFA Euro 2008 13 Andrés Palop
5%
UEFA Euro 1984 13 Francisco Buyo
5%
UEFA Euro 1988 13 Francisco Buyo
5%
World Cup 1994 20 Julen Lopetegui
5%
UEFA Euro 2004 13 Dani Aranzubia
0%
World Cup 1990 22 José Manuel Ochotorena
0%
UEFA Euro 1996 22 Jose Molina
0%
World Cup 1998 22 Jose Molina
0%
UEFA Euro 2000 22 Jose Molina
0%
World Cup 1986 22 Juan Carlos Ablanedo
0%
World Cup 1990 13 Juan Carlos Ablanedo
0%
World Cup 1982 22 Miguel Angel
0%
World Cup 2002 23 Pedro Contreras
0%
World Cup 2002 13 Ricardo
0%
World Cup 1982 21 Urruti
0%
World Cup 1986 13 Urruti
0%
No matching quizzes found
Score Distribution
Percent of People with Each Score
Percentile by Number Answered
Your Score History
You have not taken this quiz since the last reset